Central Library OPAC University of Rajshahi

বঙ্কিমচন্দ্র : (Record no. 48001)

MARC details
000 -LEADER
fixed length control field 00911nam a2200229 a 4500
001 - CONTROL NUMBER
control field 48001
003 - CONTROL NUMBER IDENTIFIER
rucl marc code BD-RjUL
005 - DATE AND TIME OF LATEST TRANSACTION
control field 20211209054435.0
008 - FIXED-LENGTH DATA ELEMENTS--GENERAL INFORMATION
fixed length control field 160811s1991 ii ||||| |||| 00| 0 ben d
020 ## - INTERNATIONAL STANDARD BOOK NUMBER
Terms of availability : Tk. 25.00
035 ## - SYSTEM CONTROL NUMBER
System control number (BD-RjUL) 48120
040 ## - CATALOGING SOURCE
Original cataloging agency BD-RjUL
Language of cataloging ben
Transcribing agency BD-RjUL
041 ## - LANGUAGE CODE
Language code of text/sound track or separate title ben
082 ## - DEWEY DECIMAL CLASSIFICATION NUMBER
Classification number 891.4409
Author mark and year CHB 1991
100 ## - MAIN ENTRY--PERSONAL NAME
Personal name চট্টোপাধ্যায়, ভবতোষ
9 (RLIN) 145587
245 10 - TITLE STATEMENT
Title বঙ্কিমচন্দ্র :
Remainder of title সৃজন ও বীক্ষণ /
Statement of responsibility, etc. ভবতোষ চট্টোপাধ্যায়
260 ## - PUBLICATION, DISTRIBUTION, ETC. (IMPRINT)
Place of publication, distribution, etc. কলকাতা :
Name of publisher, distributor, etc. প্যাপিরাস,
Date of publication, distribution, etc. ১৯৯১
300 ## - PHYSICAL DESCRIPTION
Pagination [১২], ৭০ পৃ. ;
Size ১৯ সেমি
650 ## - SUBJECT ADDED ENTRY--TOPICAL TERM
Topical term or geographic name as entry element বাংলা সাহিত্য
General subdivision ইতিহাস ও সমালোচনা
9 (RLIN) 145588
Topical term or geographic name as entry element Bengali Literature
General subdivision History and Criticism
9 (RLIN) 145589
942 ## - ADDED ENTRY ELEMENTS (KOHA)
Source of classification or shelving scheme Dewey Decimal Classification
Koha item type Books
Holdings
Lost status Source of classification or shelving scheme Damaged status Not for loan Collection code Permanent Location Current Location Shelving location Date acquired Source of acquisition Cost, normal purchase price Total Checkouts Full call number Date last seen Date checked out Copy number Koha item type
  Dewey Decimal Classification     Non-fiction Central Library, University of Rajshahi Central Library, University of Rajshahi   31/12/1996 Ankur Prokasoni, Dhaka 25.00 1 B 891.4409 CHB 1991 06/05/2017 18/04/2017 C-2 Books
  Dewey Decimal Classification   Not For Loan Non-fiction Central Library, University of Rajshahi Central Library, University of Rajshahi Reading Room 31/12/1996 Ankor Dhaka 25.00   B 891.4409 CHB 1991 31/01/2017   C-1 Books